000 00404nam a2200157Ia 4500
008 160316s2005 xxu||||| |||| 00| 0 eng d
082 _a658.400000
_bHAR
100 _a
245 _aHarvard business review on managing projects.
250 _a
260 _aBoston
_bHarvard Business School Press
_c2005
300 _a190p
_b
_c
365 _b Rs.640
650 _a1.Project Management
700 _a
_a
999 _c23854
_d23854